=LDR 00000nam 2200000 4500 =001 INLIS000000000034346 =005 20130612140245 =008 ***********************************ind** =035 ##$$0010-061300000034346 =041 ##$$a ind =082 ##$$a 658.1 =090 ##$$a 658.1, Cla t =100 ##$$a CLARK, Timothy =245 ##$$a Tip menjadi nomor satu dalam penjualan dan peleyanan pelanggan, Timothy Clark dan Andrew Mc Carty ; editor, John Wolor =260 ##$$a 2007 $b Jakarta =300 ##$$a vii, 147 hlm, 21 cm =650 ##$$a manajemen Penjualan =700 ##$$a Mc Carty, Andrew =850 ##$$a NBPNMAT